Quintet : five American dance companies /

Bibliographic Details
Main Author: Hodgson, Moira
Other Authors: Victor, Thomas
Format: Book
Language:English
Published: New York : Morrow, 1976.
Subjects:

MARC

Tag First Indicator Second Indicator Subfields
LEADER 00000pam a2200000 i 4500
001 in00000089749
005 20151008065520.0
008 760716s1976 nyuaf 00010deng
010 |a  76026881  
020 |a 0688030955 
035 |a (OCoLC)02347300 
035 |9 AAK6092AM 
040 |a DLC  |c DLC  |d m.c.  |d TXA  |d UtOrBLW 
043 |a n-us--- 
049 |a TXAM  |c 1 [1108330], 2 [1502870] 
050 0 0 |a GV1783  |b .H62 
082 0 |a 793.3/2/09 
100 1 |a Hodgson, Moira. 
245 1 0 |a Quintet :  |b five American dance companies /  |c text by Moira Hodgson ; photos. by Thomas Victor ; pref. by Richard Howard. 
264 1 |a New York :  |b Morrow,  |c 1976. 
300 |a 47 pages :  |b illustrations ;  |c 29 cm. 
336 |a text  |b txt  |2 rdacontent 
337 |a unmediated  |b n  |2 rdamedia 
338 |a volume  |b nc  |2 rdacarrier 
650 0 |a Modern dance  |x History. 
650 0 |a Dance  |z United States  |x History. 
700 1 |a Victor, Thomas. 
999 |a MARS 
999 f f |s 87ad286f-1312-3018-a6fd-f7818ae4ef1e  |i 6700eb79-8af3-3c44-8332-b7fa97c260f2  |t 0 
952 f f |p normal  |a Texas A&M University  |b College Station  |c Sterling C. Evans Library  |d Evans: Library Stacks  |t 0  |e GV1783 .H62  |h Library of Congress classification  |i unmediated -- volume  |m A14806117585 
952 f f |p ric  |a Texas A&M University  |b Rellis Campus  |c Joint Library Facility  |d Remote Storage  |t 0  |e GV1783 .H62  |h Library of Congress classification  |i unmediated -- volume  |m A14806117577 
998 f f |a GV1783 .H62  |t 0  |l Remote Storage 
998 f f |a GV1783 .H62  |t 0  |l Evans: Library Stacks